Las disciplinas sociolingüísticas y el énfasis sociológico en sociolongüística : un ensayo /

Estudio sobre los enfoques con que puede ser abordado el lenguaje, como la lingüistica, la etnolingüística y el marxismo; y los elementos que justifican la existencia de la sociolingüística y sus principales intereses.

Gespeichert in:
Bibliographische Detailangaben
1. Verfasser: Uribe Villegas, Oscar (autor)
Format: Buch
Sprache:Spanisch
Veröffentlicht: México : UNAM, Instituto de Investigaciones Sociales, 1976, c1976
Schlagworte:
Tags: Tag hinzufügen
Keine Tags, Fügen Sie das erste Tag hinzu!

MARC

LEADER 00000nam^a2200000^a^4500
001 000304264
005 20250521000000.0
009 20260310112713.338
037 |a Acervo Xavier Clavigero 
041 |a ESP 
082 |a 306. 44  |b URI 
100 |a Uribe Villegas, Oscar  |e (autor) 
245 1 4 |a Las disciplinas sociolingüísticas y el énfasis sociológico en sociolongüística :  |b un ensayo /  |c O. Uribe Villegas. 
264 4 |a México :  |b UNAM, Instituto de Investigaciones Sociales,  |c 1976, c1976 
300 |a 105 p. 
336 |a texto  |b txt  |2 rdacontenido 
337 |a sin mediación  |b n  |2 rdamedio 
338 |a volumen  |b nc  |2 rdasoporte 
520 |a Estudio sobre los enfoques con que puede ser abordado el lenguaje, como la lingüistica, la etnolingüística y el marxismo; y los elementos que justifican la existencia de la sociolingüística y sus principales intereses. 
649 |a XX 
650 |a Lenguaje 
650 |a Lingüística 
650 |a Sociolingüística 
650 |a Marxismo 
650 |a Sociolingüística -  |x Tema Principal 
910 |a Fondo General 
920 |a Impresos - Libros 
930 |a Colección General 
905 |a 101 
901 |a 0500190639  |b IT1  |c ACC  |u 20250521 
902 |a https://opac.biblio.iteso.mx/vufind/Record/000304264